[Event "4NCL Division 2a"]
[Site "Northampton, ENG"]
[Date "2018.02.11"]
[Round "6.41"]
[White "Brett, Andrew R"]
[Black "Taylor, Adam C"]
[Result "0-1"]
[WhiteElo "2114"]
[BlackElo "2267"]
[PlyCount "77"]
[EventDate "2018.02.11"]
[WhiteTeam "Barbican Youth"]
[BlackTeam "Wood Green Monarchs"]

1. c4 Nf6 2. Nc3 g6 3. e4 d6 4. d4 Bg7 5. Nge2 O-O 6. Ng3 a6 7. a4 e5 8. d5 a5
9. Bd3 Na6 10. O-O Nd7 11. Ra3 c6 12. Bb1 Ndc5 13. f4 exf4 14. Bxf4 Qb6 15. Rf2
h5 16. Bxd6 Bg4 17. Qd2 Nb3 18. Qc2 Nd4 19. Qd2 h4 20. Nf1 Nb3 21. Qc2 Bd4 22.
Rxb3 Bxf2+ 23. Qxf2 Qxb3 24. Bxf8 Rxf8 25. Ne3 Bd7 26. e5 Nc5 27. h3 Qb6 28.
Kh2 Qd8 29. Qf4 Qe7 30. Qd4 Re8 31. e6 Qd6+ 32. Kg1 Nxe6 33. Qd2 Ng5 34. Nf1
Qe5 35. Qf2 Qe7 36. Bd3 Bxh3 37. Kh1 Bd7 38. Qxh4 Qf6 39. Kg1 0-1

[Event "4NCL Division 2a"]
[Site "Northampton, ENG"]
[Date "2018.02.11"]
[Round "6.43"]
[White "French, Max"]
[Black "Longson, Sarah N"]
[Result "1/2-1/2"]
[WhiteElo "2057"]
[BlackElo "2192"]
[PlyCount "64"]
[EventDate "2018.02.11"]
[WhiteTeam "Barbican Youth"]
[BlackTeam "Wood Green Monarchs"]

1. d4 d5 2. c4 dxc4 3. Nf3 Nf6 4. e3 e6 5. Bxc4 a6 6. O-O c5 7. dxc5 Bxc5 8.
Qxd8+ Kxd8 9. b3 Ke7 10. Bb2 Bd7 11. Nc3 b5 12. Be2 b4 13. Nb1 Bb5 14. Bxb5
axb5 15. Nd4 Bxd4 16. Bxd4 Nbd7 17. a3 e5 18. Bb2 Nc5 19. axb4 Nd3 20. Rxa8
Rxa8 21. Ba3 Nd5 22. Rd1 e4 23. Kf1 Ke6 24. Rd2 f5 25. Bb2 Nxb2 26. Rxb2 Ra1
27. Ke2 Nxb4 28. Nc3 Nd3 29. Rb1 Rxb1 30. Nxb1 Nc1+ 31. Kd1 Nxb3 32. Na3 Nc5
1/2-1/2

[Event "4NCL Division 2a"]
[Site "Northampton, ENG"]
[Date "2018.02.11"]
[Round "6.44"]
[White "Pein, Jonathan"]
[Black "Harari, Zaki"]
[Result "0-1"]
[WhiteElo "2177"]
[BlackElo "2016"]
[PlyCount "64"]
[EventDate "2018.02.11"]
[WhiteTeam "Wood Green Monarchs"]
[BlackTeam "Barbican Youth"]

1. e4 d5 2. exd5 Nf6 3. d4 Bg4 4. Be2 Bxe2 5. Qxe2 Qxd5 6. Nf3 Nc6 7. c4 Qf5 8.
O-O O-O-O 9. d5 Nb4 10. Ne5 Nd7 11. Nxd7 Rxd7 12. Nc3 e6 13. a3 Nc2 14. Ra2
exd5 15. cxd5 Bd6 16. b4 Nd4 17. Qe3 Qe5 18. f4 Qxe3+ 19. Bxe3 Nf5 20. Bf2 Re8
21. g3 Rde7 22. Rc2 a6 23. b5 Ne3 24. Bxe3 Rxe3 25. b6 Bc5 26. Na4 Rc3+ 27.
Nxc5 Rxc2 28. Nd3 Ree2 29. Rb1 Rg2+ 30. Kf1 Rxh2 31. Ke1 Rhd2 32. Ne5 f6 0-1

[Event "4NCL Division 2a"]
[Site "Northampton, ENG"]
[Date "2018.02.11"]
[Round "6.45"]
[White "Hughes, Roy"]
[Black "Manelidou, Maria"]
[Result "0-1"]
[WhiteElo "2023"]
[BlackElo "2100"]
[PlyCount "62"]
[EventDate "2018.02.11"]
[WhiteTeam "Barbican Youth"]
[BlackTeam "Wood Green Monarchs"]

1. d4 d5 2. Bf4 Nf6 3. e3 e6 4. Nf3 Bd6 5. Bd3 Bxf4 6. exf4 Qd6 7. Qc1 O-O 8.
O-O Nbd7 9. c3 c5 10. Re1 cxd4 11. Nxd4 a6 12. g3 b5 13. Nd2 Bb7 14. N2f3 Rac8
15. Qd2 Nc5 16. Ne5 Nfe4 17. Qe3 f6 18. Nef3 e5 19. Ne2 Nxd3 20. Qxd3 Nc5 21.
Qe3 Rce8 22. Nd2 Qc6 23. f3 exf4 24. Qd4 fxg3 25. hxg3 Re7 26. Nf4 Rfe8 27. Kf2
Re5 28. Nb3 Ne6 29. Qd2 d4 30. Qd3 Nxf4 31. gxf4 Re3 0-1

[Event "4NCL Division 2a"]
[Site "Northampton, ENG"]
[Date "2018.02.11"]
[Round "6.46"]
[White "Willow, Jonah B"]
[Black "Varney, Daniel"]
[Result "1-0"]
[WhiteElo "2150"]
[BlackElo "2057"]
[PlyCount "49"]
[EventDate "2018.02.11"]
[WhiteTeam "Wood Green Monarchs"]
[BlackTeam "Barbican Youth"]

1. e4 g6 2. d4 Bg7 3. Nc3 d6 4. f4 Nf6 5. Nf3 c5 6. Bb5+ Bd7 7. e5 Ng4 8. Bxd7+
Qxd7 9. h3 cxd4 10. Qxd4 Nh6 11. Qf2 Nc6 12. Bd2 dxe5 13. fxe5 Nf5 14. O-O-O
O-O 15. g4 Nfd4 16. Be3 f5 17. g5 Bxe5 18. Nxe5 Nxe5 19. Bxd4 Nc4 20. Bg7 Qc6
21. Bxf8 Rc8 22. Bh6 e5 23. Nd5 Kf7 24. Nf6 Qa4 25. Qf3 1-0

[Event "4NCL Division 2a"]
[Site "Northampton, ENG"]
[Date "2018.02.11"]
[Round "6.47"]
[White "Regan, Natasha K"]
[Black "Serbanescu, Diana-Maria"]
[Result "0-1"]
[WhiteElo "1987"]
[BlackElo "1990"]
[PlyCount "100"]
[EventDate "2018.02.11"]
[WhiteTeam "Barbican Youth"]
[BlackTeam "Wood Green Monarchs"]

1. Nf3 d6 2. c4 g6 3. g3 Bg7 4. Bg2 e5 5. Nc3 Nc6 6. h4 Nf6 7. d4 O-O 8. d5 Ne7
9. e4 a6 10. O-O Bg4 11. Qd3 Qc8 12. Kh2 Nd7 13. Be3 Bxf3 14. Bxf3 f5 15. Qd2
f4 16. gxf4 exf4 17. Bd4 Bxd4 18. Qxd4 Ne5 19. Kg2 Nxf3 20. Kxf3 Qh3+ 21. Ke2
f3+ 22. Kd3 Qxh4 23. Rh1 Qf6 24. Qe3 Qf4 25. Qd4 Qf6 26. Qe3 Rf7 27. Rag1 Re8
28. Qg5 Qxg5 29. Rxg5 Nc8 30. Rh3 Nb6 31. Nb1 Nd7 32. Nd2 Ref8 33. Ke3 Ne5 34.
b3 Kg7 35. Rgg3 Rf4 36. Nxf3 Ng4+ 37. Rxg4 Rxg4 38. Nd4 Rf7 39. Ne6+ Kg8 40.
Rf3 Rg1 41. Rxf7 Kxf7 42. Nxc7 h5 43. c5 h4 44. cxd6 h3 45. f4 h2 46. e5 h1=Q
47. e6+ Kg7 48. e7 Qh3+ 49. Kd4 Rd1+ 50. Kc5 Qe3+ 0-1

[Event "4NCL Division 2a"]
[Site "Northampton, ENG"]
[Date "2018.02.11"]
[Round "6.48"]
[White "Green, Michael"]
[Black "Morrison, Lynne G P"]
[Result "1-0"]
[WhiteElo "1997"]
[BlackElo "1868"]
[PlyCount "57"]
[EventDate "2018.02.11"]
[WhiteTeam "Wood Green Monarchs"]
[BlackTeam "Barbican Youth"]

1. Nf3 d5 2. c4 e6 3. b3 Nf6 4. g3 Be7 5. Bg2 c5 6. e3 Nc6 7. O-O O-O 8. Bb2
Qc7 9. Nc3 a6 10. Qe2 b6 11. Rfd1 Bb7 12. cxd5 exd5 13. d4 Rfd8 14. Rac1 Ne4
15. dxc5 Nxc3 16. Bxc3 bxc5 17. Qb2 f6 18. h4 Rac8 19. Bh3 Rb8 20. Be6+ Kf8 21.
Qc2 g6 22. h5 Kg7 23. hxg6 Ne5 24. Bxe5 fxe5 25. Qf5 Bf6 26. gxh7 e4 27. Ng5
Rf8 28. Bxd5 Bb2 29. Ne6+ 1-0